Countries With The Most Turkish Ancestry - Statistics

General Stats
  • This quiz has been taken 49 times
  • The average score is 24 of 30
Answer Stats
Total Country % Correct
65,9 mil Turkey
98%
7,34 mil Germany
95%
560,000 United Kingdom
95%
1,22 mil France
93%
136,000 Greece
93%
300,000 Iraq
93%
508,000 Bulgaria
91%
245,000 Syria
91%
55,000 Romania
89%
603,900 United States
89%
122,300 Canada
86%
198,000 Australia
84%
345,000 Austria
84%
77,000 Azerbaijan
84%
1,50 mil Egypt
84%
130,000 Russia
84%
550,000 Netherlands
82%
465,000 Cyprus
80%
232,000 Lebanon
80%
280,000 Saudi Arabia
80%
250,000 Belgium
77%
140,000 Switzerland
77%
48,500 United Arab Emirates
77%
176,000 Sweden
75%
1,13 mil Algeria
66%
78,000 Denmark
64%
490,000 Tunisia
64%
37,500 Norway
61%
1,05 mil Libya
59%
71,000 North Macedonia
55%
No matching quizzes found
Score Distribution
Percent of People with Each Score
Percentile by Number Answered
Your Score History
You have not taken this quiz